000 00681nam a2200253Ia 4500
003 OSt
005 20221006143724.0
006 a|||||r|||| 00| 0
007 ta
008 221006b |||||||| |||| 00| 0 eng d
020 _a0852242166
_cP10.00
024 _a9,771
037 _cTextual
040 _aEASL
_cEASL
_beng
041 _2eng
_aeng
082 _aX8(A).41.N7, L2
100 _aCHENG Chu-Yuan
_9266243
245 0 _aMachine building industry in Communist China
260 _aEdinburgh
_bUniversity Press
_c1972
300 _a339p.
_ccm.
490 _v CEL
942 _hX8(A).41.N7, L2
_cTEXL
_2CC
999 _c1077857
_d1077857